Tilamsik ng magpakailanman : (Record no. 7487)

MARC details
000 -LEADER
fixed length control field 00666nam a22001817a 4500
003 - CONTROL NUMBER IDENTIFIER
control field OSt
005 - DATE AND TIME OF LATEST TRANSACTION
control field 20260116033033.0
008 - FIXED-LENGTH DATA ELEMENTS--GENERAL INFORMATION
fixed length control field 260116b |||||||| |||| 00| 0 eng d
020 ## - INTERNATIONAL STANDARD BOOK NUMBER
International Standard Book Number 971-93242-0-1
040 ## - CATALOGING SOURCE
Original cataloging agency DWC-Main lib
Transcribing agency OC
082 ## - DEWEY DECIMAL CLASSIFICATION NUMBER
Classification number Fil. 808.81 D331 2005
100 ## - MAIN ENTRY--PERSONAL NAME
Personal name Del Castillo, O.
245 ## - TITLE STATEMENT
Title Tilamsik ng magpakailanman :
Remainder of title mga tulang inawit sa katahimikan at pagtatanghal ng mga natatanging larawan
Statement of responsibility, etc. Del Castillo, Owen L.
260 ## - PUBLICATION, DISTRIBUTION, ETC.
Place of publication, distribution, etc. Naga City :
Name of publisher, distributor, etc. Willprint Graphics Centre,
Date of publication, distribution, etc. c2005
300 ## - PHYSICAL DESCRIPTION
Extent 150 pages ;
Dimensions 22 cm.
700 ## - ADDED ENTRY--PERSONAL NAME
Personal name Echalas, Vladimir
942 ## - ADDED ENTRY ELEMENTS (KOHA)
Source of classification or shelving scheme Dewey Decimal Classification
Koha item type Book-Filipiniana
Classification part Fil. 808.81 D331 2005
Call number prefix Fil.
Suppress in OPAC No
952 ## - LOCATION AND ITEM INFORMATION (KOHA)
--
952 ## - LOCATION AND ITEM INFORMATION (KOHA)
--
952 ## - LOCATION AND ITEM INFORMATION (KOHA)
--
Holdings
Withdrawn status Lost status Source of classification or shelving scheme Damaged status Not for loan Home library Current library Shelving location Date acquired Source of acquisition Cost, normal purchase price Total Checkouts Full call number Barcode Date last seen Copy number Price effective from Koha item type Uniform Resource Identifier
    Dewey Decimal Classification     College Library College Library Filipiniana 08/01/2005 School Fund 156.00   Fil. 808.81 D331 2005 CL42145 01/16/2026 c3 01/16/2026 BK - FIL
    Dewey Decimal Classification     College Library College Library Filipiniana 08/01/2005 School Fund 156.00   Fil. 808.81 D331 2005 CL42144 01/16/2026 c2 01/16/2026 BK - FIL
    Dewey Decimal Classification     College Library College Library Filipiniana 08/01/2005 School Fund 156.00   Fil. 808.81 D331 2005 CL42143 01/16/2026 c1 01/16/2026 BK - FIL